[Event "Sachsen-Anhalt-ch op"]
[Site "Magdeburg"]
[Date "2022.10.31"]
[Round "5"]
[White "Murrak, Enrico"]
[Black "Beck, Jason"]
[Result "0-1"]
[WhiteElo "1571"]
[BlackElo "1143"]
[PlyCount "58"]
[EventDate "2022.10.29"]
[EventType "swiss"]
[EventRounds "7"]
[EventCountry "GER"]
[SourceTitle "CBM 211 Extra"]
[Source "ChessBase"]
[SourceDate "2023.01.31"]
[SourceVersion "1"]
[SourceVersionDate "2023.01.31"]
[SourceQuality "1"]

1. e4 e5 2. Bc4 Nf6 3. d3 Bc5 4. Be3 Bb6 5. Bxb6 axb6 6. c3 0-0 7. Nd2 d6 8. h3 Be6 9. Bb3 d5 10. Qc2 Nc6 11. Ngf3 Qd6 12. Ng5 dxe4 13. Ngxe4 Nxe4 14. dxe4 Bxb3 15. Nxb3 Qh6 16. 0-0 Rfe8 17. a3 Re6 18. Rad1 Rg6 19. Kh2 Qf4+ 20. g3 Qg5 21. Qe2 Rh6 22. Rd7 Rc8 23. Rfd1 Qf6 24. Nd2 Qe6 25. g4 Qxd7 26. Nf3 Qxg4 27. Ng1 Qxe2 28. Nxe2 Rd8 29. Rxd8+ Nxd8 0-1

[Event "GER-chT U12"]
[Site "Magdeburg"]
[Date "2021.08.07"]
[Round "5.2"]
[White "Daugavet, Roman"]
[Black "Beck, Jason"]
[Result "1/2-1/2"]
[WhiteElo "1182"]
[BlackElo "1132"]
[PlyCount "110"]
[EventDate "2021.08.04"]
[EventType "team-swiss"]
[EventRounds "7"]
[EventCountry "GER"]
[SourceTitle "EXT 2022"]
[Source "ChessBase"]
[SourceDate "2021.10.06"]
[SourceVersion "1"]
[SourceVersionDate "2021.10.06"]
[SourceQuality "1"]
[WhiteTeam "Muenchen Tarrasch"]
[BlackTeam "Stassfurt Einheit"]
[WhiteTeamCountry "GER"]
[BlackTeamCountry "GER"]

1. e4 e5 2. Bc4 Nf6 3. d3 Bc5 4. Nc3 Nc6 5. Bg5 h6 6. Bh4 g5 7. Bg3 d6 8. h4 Ng4 9. Nf3 f6 10. Qc1 Nd4 11. Na4 Bd7 12. Nxc5 dxc5 13. c3 Nc6 14. hxg5 fxg5 15. Nxg5 Rf8 16. Nf3 Qf6 17. Qd2 Qg7 18. Nh2 h5 19. Nxg4 hxg4 20. Qh6 Qxh6 21. Rxh6 0-0-0 22. Rh5 Rh8 23. Rxh8 Rxh8 24. 0-0-0 Re8 25. Rh1 Na5 26. Rh5 Nxc4 27. dxc4 Bc6 28. Rxe5 Rxe5 29. Bxe5 Bxe4 30. g3 Kd7 31. Kd2 c6 32. Ke3 Bf3 33. Kf4 b5 34. Bb8 a6 35. cxb5 cxb5 36. Ke5 Kc6 37. Bd6 c4 38. Bb4 Kb6 39. Kd6 Kb7 40. Kc5 Bc6 41. Ba5 Bf3 42. Kb4 Bc6 43. a3 Bd7 44. Kc5 Bc6 45. Kd4 Bd7 46. Ke3 Bc6 47. Kf4 Bf3 48. Kg5 Kc6 49. Kf5 Kd5 50. Kf4 Kc6 51. Ke3 Kd5 52. Bb4 Kc6 53. Kf4 Kd5 54. Kf5 Kc6 55. Ke6 Kb7 1/2-1/2